01585 2200637 4500001002100000005001500021035002000036008004100056245003900097100001100136250000600147260003100153300003200184020002200216084001400238520022900252082000800481650001400489990001200503990001200515990001200527990001200539990001200551990001200563990001200575990001200587990001200599990001200611990001200623990001200635990001200647990001200659990001200671990001200683990001200695990001200707990001200719990001200731990001200743990001200755990001200767990001200779990001200791990001200803990001200815990001200827990001200839990001200851990001200863990001200875990001200887990001200899990001200911990001200923990001200935INLIS00000000000001020240430025800 a0010-0324000010240430 0 ind 1 aMatematika XII Peminatan /cSukino aSukino a1 aJakarta :bErlangga,c2018 a288 hlm. ;c25 cm x 17,5 cm a978-602-298-729-1 a510 SUK m aBuku Matematika SMA/MA Wajib ini disusun berdasarkan Kurikulum 2013 Edisi Revisi 2016. Materi dalam buku ini dirancang sedemikian rupa sehingga mengarah ke model pembelajaran peserta didik aktif dan pembelajaran kontekstual. a510 4aNon Fiksi a0738983 a0738984 a0738985 a0738986 a0738987 a0738988 a0738989 a0738990 a0738991 a0738992 a0738993 a0738994 a0738995 a0738996 a0738997 a0738998 a0738999 a0739000 a0739001 a0739002 a0739003 a0739004 a0739005 a0739006 a0739007 a0739008 a0739009 a0739010 a0739011 a0739012 a0739013 a0739014 a0739015 a0739016 a0739017 a0739018 a0739019